| 000 | 00833cab a2200241 4500 | ||
|---|---|---|---|
| 001 | ABS36398 | ||
| 008 | 090401t1986 xxu||||| |||| 00| 0 eng d | ||
| 035 | _a(Sirsi) u77579 | ||
| 041 | _aeng | ||
| 100 | _aMay, R. | ||
| 245 | _aRoof drainage research brings better gutter design | ||
| 260 | _c1986 | ||
| 350 | _a0 | ||
| 490 |
_aSurveyor _v(Public Works Weekly) 166 (4898) 12 June 1986, 19- |
||
| 520 | _aThis article examines some of the causes of roof drainage failures in buildings and looks at research on the problems of designing roof drainage systems. | ||
| 650 | _aBUILDING FAILURES | ||
| 650 | _aDRAINAGE | ||
| 650 | _aGUTTERS | ||
| 650 | _aBUILT ENVIRONMENT-BUILDING ELEMENTS-COMPLETE BUILDING ELEMENTS-ROOFS | ||
| 690 | _aBUILDING AND CONSTRUCTION-DEFECTS AND FAILURES | ||
| 942 | _n0 | ||
| 948 | _c04/03/1997 | ||
| 999 |
_c48769 _d48769 |
||